ARRUPE JESUIT UNIVERSITY

CORONAVIRUS -STOP THE SPREAD - CLEAN,DISINFECT,COVER

Thomas Merton (Record no. 119942)

MARC details
000 -LEADER
fixed length control field 00527nam a22001577a 4500
008 - FIXED-LENGTH DATA ELEMENTS--GENERAL INFORMATION
fixed length control field 140205b xxu||||| |||| 00| 0 eng d
050 ## - LIBRARY OF CONGRESS CALL NUMBER
Classification number BX4705.M542B78 1997
100 ## - MAIN ENTRY--PERSONAL NAME
Personal name Bryant, Jennifer F.
9 (RLIN) 7951
245 ## - TITLE STATEMENT
Title Thomas Merton
Remainder of title poet, prophet, priest /
Statement of responsibility, etc Jennifer Bryant
260 ## - PUBLICATION, DISTRIBUTION, ETC. (IMPRINT)
Place of publication, distribution, etc Michigan
Name of publisher, distributor, etc Eerdmans Books
Date of publication, distribution, etc 1997
300 ## - PHYSICAL DESCRIPTION
Extent viii, 207p.; 21cm.
600 ## - SUBJECT ADDED ENTRY--PERSONAL NAME
Personal name Merton, Thomas
Dates associated with a name 1915-1968
9 (RLIN) 7952
650 ## - SUBJECT ADDED ENTRY--TOPICAL TERM
Topical term or geographic name as entry element Juvenile literature
9 (RLIN) 7953
650 ## - SUBJECT ADDED ENTRY--TOPICAL TERM
Topical term or geographic name as entry element Trappists
General subdivision Biography
Geographic subdivision United States
9 (RLIN) 7954
942 ## - ADDED ENTRY ELEMENTS (KOHA)
Source of classification or shelving scheme Library of Congress Classification
Item type Monograph ( Printed materials)
Holdings
Withdrawn status Lost status Source of classification or shelving scheme Damaged status Not for loan Home library Current library Shelving location Date acquired Total Checkouts Full call number Barcode Date last seen Price effective from Koha item type
    Library of Congress Classification     ARRUPE LIBRARY ARRUPE LIBRARY Main Collection 05/02/2014   BX4705.M542B78 1997 46410674 22/11/2017 05/02/2014 Monograph ( Printed materials)

 

Arrupe Library. PO Box MP320 Mt Pleasant, Harare, Zimbabwe
263 242 745411|librarian@aju.ac.zw